=LDR 00000nam 2200000 4500 =001 000765 =005 20250711103427 =035 ##$$a 0010-0725000633 =007 ta =008 250711################a##########0#ind## =020 ##$$a 978-602-244-938-6 =082 ##$$a 398.209 598 =084 ##$$a 398.209 598 HER k =100 #$$a Herlina, Lia =245 1#$$a Kue Kimu /$c Lia Herlina, Ratu Wulan =250 ##$$a Cetakan pertama =260 ##$$a Jakarta :$b Kemendikbud,$c 2022 =300 ##$$a 22 hlm. : $b Ilus. ; $c 23 cm